| 000 | 01155cam a2200337 i 4500 | ||
|---|---|---|---|
| 001 | 21058981 | ||
| 003 | OSt | ||
| 005 | 20260430114936.0 | ||
| 008 | 190709s2021 nyua 001 0 eng | ||
| 010 | _a 2019029115 | ||
| 020 | _a9789354602399 | ||
| 035 | _a21058981 | ||
| 040 |
_aDLC _beng _erda _cDLC _dDLC |
||
| 042 | _apcc | ||
| 082 | 0 | 0 |
_a621.381 _bMAL |
| 100 | 1 |
_aMalvino, Albert Paul, _eauthor. _93795 |
|
| 245 | 1 | 0 |
_aElectronic principles / _cAlbert Malvino, David J. Bates, Patrick E. Hoppe. |
| 250 | _a9/e | ||
| 264 | 1 |
_aChennai: _bMcGraw Hill Education (India) Pvt. Ltd., _cc2021 |
|
| 300 |
_axviii, 1094 pages : _bcolor illustrations ; _c29 cm |
||
| 336 |
_atext _btxt _2rdacontent |
||
| 337 |
_aunmediated _bn _2rdamedia |
||
| 338 |
_avolume _bnc _2rdacarrier |
||
| 500 | _aIncludes index. | ||
| 650 | 0 |
_aElectronics. _92512 |
|
| 700 | 1 |
_aBates, David J., _eauthor. _93796 |
|
| 700 | 1 |
_aHoppe, Patrick E., _eauthor. _93797 |
|
| 906 |
_a7 _bcbc _corignew _d1 _eecip _f20 _gy-gencatlg |
||
| 942 |
_2ddc _cBK |
||
| 999 |
_c1918 _d1918 |
||